Statistics for Lakers All Time Top 10

Click here to take the quiz!

General Stats

  • This quiz has been taken 19 times
  • The average score is 7 of 10

Answer Stats

HintAnswer% Correct
HIV - PGEarvin 'Magic' Johnson
100%
Logo - SGJerry West
92%
Diesel - CShaquille O'Neal
92%
The Stilt - CWilt Chamberlain
92%
Black Mamba - SFKobe Bean Bryant
83%
Big Game - SFJames Worthy
58%
Stumpy - PGGail Goodrich
50%
The Captain - PFKareem Abdul- Jabbar
50%
Mr Inside - SGElgin Baylor
42%
Mr Basketball - PFGeorge Mikan
33%

Score Distribution

Percentile by Number Answered

Percent of People with Each Score

Your Score History

You have not taken this quiz